Elements of power system analysis / (Record no. 87782)

MARC details
000 -LEADER
fixed length control field 00790nam a22002537a 4500
005 - DATE AND TIME OF LATEST TRANSACTION
control field 20140826104946.0
010 ## - LCCN (DPL NO)
LC control number ENG-110634
020 ## - INTERNATIONAL STANDARD BOOK NUMBER
Terms of availability 585.00
International Standard Book Number 9789339212148
020 ## - INTERNATIONAL STANDARD BOOK NUMBER
Terms of availability 585.00
International Standard Book Number 9339212142
035 ## - SYSTEM CONTROL NUMBER
System control number EN-94166
037 ## - SOURCE OF ACQUISITION
Source of stock number/acquisition DBAD/PUB
082 ## - DEWEY DECIMAL CLASSIFICATION NUMBER
Classification number 621.319
100 ## - MAIN ENTRY--PERSONAL NAME
Personal name Stevenson, William D.
245 ## - TITLE STATEMENT
Title Elements of power system analysis /
Statement of responsibility, etc by William D. Stevenson Jr.
250 ## - EDITION STATEMENT
Edition statement 4th ed
260 ## - PUBLICATION, DISTRIBUTION, ETC. (IMPRINT)
Place of publication, distribution, etc New Delhi
Name of publisher, distributor, etc McGraw Hill Education
Date of publication, distribution, etc 2014
270 ## - ADDRESS
Address P-24, Green Park Extn.
City New Delhi
Postal code 110016
300 ## - PHYSICAL DESCRIPTION
Extent xii,436p.
Dimensions 22cm(pbk)
490 ## - SERIES STATEMENT
Series statement McGraw-Hill series in electrical engineering.
500 ## - GENERAL NOTE
General note Includes index
650 ## - SUBJECT ADDED ENTRY--TOPICAL TERM
Topical term or geographic name as entry element Electric power distribution.
650 ## - SUBJECT ADDED ENTRY--TOPICAL TERM
Topical term or geographic name as entry element Electric power systems.
942 ## - ADDED ENTRY ELEMENTS (KOHA)
Source of classification or shelving scheme Dewey Decimal Classification
Item type English Books
Call number suffix STE
Classification part 621.319
Holdings
Withdrawn status Lost status Not for loan Collection code Home library Current library Date acquired Source of acquisition Cost, normal purchase price Full call number Barcode Copy number Cost, replacement price Koha item type
    Not For Loan Non-fiction D.B.Act.Division D.B.Act.Division 11/08/2014 DBAD/PUB 585.00 621.319 STE EN-94166 1 585.00 English Books

© Delhi Public Library
Hit Counter
free hit counter